MARC
LEADER
00000nam2a2200000 4500
001
162112
005
20231101222311.0
011
|a 0135-177X
020
|a RU
|b 89-27133ж
035
|a (RuTPU)RU\TPU\book\175820
090
|a 162112
100
|a 20090617a1964 km a0rusy5003 ca
101
0
|a rus
102
|a UA
105
|a a z 001zy
200
0
|a Вып. 28
210
|d 1991
215
|a 88 с.
|c ил.
461
1
|0 (RuTPU)RU\TPU\book\165567
|t Электроэнергетика
|o сборник научных трудов
|f Киевский политехнический институт (КПИ)
|v Вып. 28
|d 1964-1991
|s Вестник Киевского политехнического института
606
1
|a Электроэнергетика
|2 stltpush
|3 (RuTPU)RU\TPU\subj\21036
|9 46086
610
1
|a электротехника
610
1
|a электромеханика
610
1
|a электроэнергия
610
1
|a энергетические системы
675
|a 621.31
|v 3
801
0
|a RU
|b RuMRKP
|c 19950417
|g psbo
801
1
|a RU
|b 63413507
|c 20090617
|g PSBO
801
2
|a RU
|b 63413507
|c 20170124
|g PSBO
942
|c BK